02218nam a22002897i 450000500170000000800410001702000390005804000250009708200160012210000290013824500900016725000180025726400380027526400110031330000710032433600210039533700250041633800230044150000900046450400420055452010800059652101090167665000400178565000440182565000290186970000300189820210905135534.0210905t20182018it ao||e |||| 00| 0 eng d a9788870515183cRM349.86qpaperback aPPAKbengcPPAKerda04223a613.7161 aBenelli, Piero,eauthor.10aAQUATIC THERAPHY :bAquatic rehabilitation handbook / cPiero Benelli - Milco Zanazzo aPrint edition 1aItaly :bEdi.ermes srl, c[2018?] 4c©2018 ax, 293 pages :bcolour illustrations, colour photographs ; c27 cm 2rdacontentatext 2rdamediaaunmediated 2rdacarrieravolume aThe volume is enriched by a video section (100 videos) dedicated to aquatic exercise. aIncludes bibliographical references.  aThe book indicates the modes of operation and the practical applications of the various aquatic rehabilitation methods, drawing from both scientific evidence taken from the most significant publications in the field, as well as the practical experience of the authors. The text addresses the many aspects of aquatic rehabilitation: from its historical background to its physiological and biomechanical principles, the preparation of protocols and work programs to the management of patients based on their anthropometric and functional conditions, and finally the various objectives and pathologies in question. The volume places particular focus on practical applications in the context of specific diseases, with continuous references focused both on the scientific literature and the practical experience gained by the authors in the field. The test is accompanied by a comprehensive workbook, which includes 450 photographs of more than 120 exercises designed for the various anatomical regions of the body and for various pathological situations, using the latest tools. aPotential readers: rehabilitation specialists, physiotherapists, motor science graduates, swim teachers.10aAquatic exercises xTherapeutic use20aPhysically handicapped xRehabilitation20aSwimmingxRehabilitation1 aZanazzo, Milco, eauthor.